[Event "RUS-chT 07th"]
[Site "Smolensk"]
[Date "2000.04.18"]
[Round "4"]
[White "Shabanov, Yuri"]
[Black "Frolov, Denis"]
[Result "1-0"]
[WhiteElo "2477"]
[BlackElo "2428"]
[Annotator "Tsesarsky,I"]
[PlyCount "89"]
[EventDate "2000.04.15"]
[EventType "team-tourn"]
[EventRounds "11"]
[EventCountry "RUS"]
[SourceTitle "CBM 077"]
[Source "ChessBase"]
[SourceDate "2000.07.27"]
[SourceVersion "1"]
[SourceVersionDate "2000.07.27"]
[SourceQuality "1"]
[WhiteTeam "Moscow Phoenix"]
[BlackTeam "Tomsk Politekhnik-Yantar"]
[WhiteTeamCountry "RUS"]
[BlackTeamCountry "RUS"]

{[%mdl 32]} 1. e4 e5 2. Nf3 Nc6 3. Nc3 Nf6 4. Bb5 Bc5 (4... Bb4 $5 $11) 5. O-O
O-O 6. Nxe5 Nxe5 7. d4 Bd6 8. f4 Nc6 9. e5 Be7 10. d5 Nb4 11. exf6 Bxf6 12. Bc4
(12. Ne4 c6 (12... Nxd5 13. Qxd5 c6 14. Qd3 cxb5 15. Nd6 Be7 16. Be3 Bxd6 17.
Qxd6 Re8 18. Bd4 b6 $44 {1/2-1/2 Masola,M-Vasta,E/Mar del Plata 1993/[ 5] (45)}
) (12... a6 13. Be2 Re8 14. Bf3 $14) 13. Bc4 $5 (13. Nxf6+ Qxf6 14. Bc4 Qd6 15.
Be3 Nxd5 $44 {1/2-1/2 Taylor,T-Rizzitano,J/New York 1984/[ 5] (20)}) 13... b5 (
13... cxd5 14. Bxd5 Qb6+ 15. Kh1 Nxd5 16. Qxd5 Bxb2 (16... Be7 17. f5 $16) 17.
Bxb2 Qxb2 18. f5 $1 $36 {[%csl Rc8,Rg8][%cal Gf5f6] 1-0 Schein,K-Wiesinger,J/
AUT-ch24 1997/Corr Forum 60/ (24)} d6 $1 19. Nxd6 (19. f6 Qe5) 19... Qxc2 (
19... Rb8 20. Rae1 Bd7 (20... b6 21. Re8 Qf6 22. Ne4 $18) 21. f6 $16) 20. f6
Be6 21. Qe5 gxf6 22. Rxf6 b6 23. Rh6 $16) 14. Bb3 Bb7 (14... Re8 15. Nd6 Re7
16. Nxc8 Rxc8 17. d6 $14) 15. dxc6 dxc6 16. Qxd8 Bxd8 17. Nd6 Bb6+ 18. Kh1 $14)
(12. a3 Bxc3 13. bxc3 Nxd5 14. Qxd5 c6 15. Qd3 cxb5 16. f5 f6 (16... Qf6 17.
Be3 Qc6 18. f6 b6 19. Bd4 Bb7 20. Qg3 g6 21. Rf2 $15 {1/2-1/2 Poretti,
E-Heutgens,D/cr IECG 7PSRR 1995/[ 5] (37)}) 17. a4 bxa4 18. Rxa4 d5 19. Rd4 (
19. Rh4 Re8 20. Qd1 Re5 21. Qh5 Qb6+ 22. Kh1 Bxf5 $19 {0-1 Nunn,J-Hodgson,J/
ENG-ch m 1991/ (33)}) 19... b6 20. Rxd5 Qe8 {1/2-1/2 Ferguson,M-Belozerov,A/
EU-chJM U18 Zagan ,EXT 1995/[ 5] (28)}) 12... Qe7 {[%csl Rc4][%cal Ge7c5,Gc5g1]
} (12... b6 13. a3 (13. Rf3 Re8 14. Be3 c5 15. Bf2 d6 $11 {1/2-1/2 Meier,
V-Reipsch,J/BL (2nd) East 1995/[ 5] (30)}) 13... Na6 14. Ne4 $14) 13. Kh1 (13.
Bb3 Qc5+ 14. Kh1 Bxc3 15. bxc3 Qxc3 $44) 13... d6 $6 $14 (13... Qc5 $5 {
[%csl Rc3,Rc4][%cal Gc5c3,Gd7d6]} 14. Bb3 Bxc3 15. bxc3 Qxc3 $44) 14. Re1 Qd7 (
14... Qxe1+ $2 15. Qxe1 Nxc2 16. Qd1 Nxa1 17. Be3 $16) 15. Ne4 {[%csl Rf6]
[%cal Ge4f6]} Bd8 (15... Bh4 16. g3 f5 17. Nf2 (17. gxh4 fxe4 18. a3 Na6 (18...
b5 19. Bf1 Na6 20. Rxe4 Bb7 21. Bg2 $16) 19. Rxe4 Nc5 20. Re1 Qh3 $44) 17...
Bf6 18. c3 Na6 19. Be3 $14 {()}) 16. Bd2 Na6 17. b4 {[%csl Ra6]} Qg4 $6 (17...
f5 18. Ng3 Bf6 19. c3 $14) 18. Be2 $1 {White have space advantage and of
course don't want to change Queens.} Qd7 19. c4 h6 20. Rc1 $16 {Black pieces
placed on ugly positions} f5 21. Ng3 Bh4 22. c5 $1 Kh7 $5 (22... dxc5 23. bxc5
$16) 23. c6 $1 bxc6 $6 $18 ({Much better was} 23... Qf7 24. Qb3 bxc6 25. Rxc6
Nb8 26. Rcc1 $16) 24. dxc6 Qf7 (24... Qd8 25. Qb3 Nb8 26. b5 $18) 25. Bc4 Qg6 (
25... d5 26. Bd3 $18 {[%cal Gb4b5] And now after b4-b5 N haven't c5-square and
must turn back to b8.}) 26. Qf3 d5 27. Bd3 Nb8 (27... d4 28. b5 Nb8 $18) 28. b5
$1 {[%csl Rb8] The Nb8 will stay on b8 until the end of the game...} a6 29. a4
axb5 30. axb5 Ra4 31. Ra1 {To change active pieces!} Rxa1 32. Rxa1 Qd6 33. Rb1
{[%cal Gd2b4]} (33. Ra8 {[%csl Rb8,Rc8]} Be6 34. Bc1 {[%cal Gc1a3]} (34. Nxf5
Bxf5 35. Bxf5+ Rxf5 36. Rxb8 Qg6 $16) 34... Qd8 35. Ba3 $18) 33... Rf7 34. Qh5
(34. Bb4 Qd8 35. Re1 $18) 34... Qf6 35. Ne2 {[%csl Rb8,Rc8][%cal Gd2c3]} g6 36.
Qf3 Qd6 37. Bb4 Qd8 38. Nd4 (38. Rd1 $18) 38... Be7 (38... Bf6 39. Bc5 $18) 39.
Bc3 Bf6 40. Re1 Re7 41. Rxe7+ {White change pieces with pleasure.} Bxe7 42. Qe3
Bf6 43. Bb4 {The agony will not be continued for a long time...} Bg7 44. Bc5
Qf6 (44... Bf6 45. Ba7 $18) (44... Qh8 45. Qe7 $18) 45. Qe8 1-0

[Event "RUS-chT 07th"]
[Site "Smolensk"]
[Date "2000.04.19"]
[Round "5"]
[White "Nikolenko, Oleg"]
[Black "Aleksandrov, Aleksej"]
[Result "0-1"]
[WhiteElo "2520"]
[BlackElo "2606"]
[Annotator "Tsesarsky,I"]
[PlyCount "76"]
[EventDate "2000.04.15"]
[EventType "team-tourn"]
[EventRounds "11"]
[EventCountry "RUS"]
[SourceTitle "CBM 077"]
[Source "ChessBase"]
[SourceDate "2000.07.27"]
[SourceVersion "1"]
[SourceVersionDate "2000.07.27"]
[SourceQuality "1"]
[WhiteTeam "Moscow Phoenix"]
[BlackTeam "Smolensk TsEM"]
[WhiteTeamCountry "RUS"]
[BlackTeamCountry "RUS"]

1. e4 e5 2. Nf3 Nc6 3. Nc3 Nf6 4. Bb5 Nd4 5. Nxd4 exd4 6. e5 dxc3 7. exf6 Qxf6
8. dxc3 Bc5 ({Another main line is} 8... Qe5+) 9. O-O O-O 10. Bxd7 Bxd7 11.
Qxd7 Rae8 {[%csl Rf2][%cal Gf6f2]} (11... Rad8 12. Qg4 (12. Qb5 b6 13. Qc4 Rfe8
14. Be3 {1/2-1/2 Radulov,Ivan-Planinec,Albin/Vidmar mem Ljubljana/Portoroz (11)
;EXT 98 1973} (14. Be3 Bxe3 15. fxe3 Qg6 16. Rad1 Rxd1 17. Rxd1 Qxc2 18. Rf1
Re7 19. Qd5 Qe4 $11 {Urzica,Aurel-Khachian,Melikset/Bucharest schev ;EXT 97
1993/1-0 (66)})) 12... Qg6 13. Qxg6 fxg6 14. g3 Rxf2 15. Rxf2 Rf8 16. Bf4 g5
17. Kg2 Bxf2 18. Bxg5 Bc5 19. Rf1 $14 {Imanaliev,Taalaibek-Safin,Shukhrat/
Bishkek zt ;CBM 35 1993/1/2-1/2 (47)}) 12. Be3 $5 $44 (12. Qd3 $5 Re5 13. Qc4 (
13. Bd2 Rd8 $19) (13. Be3 Bxe3 14. fxe3 Qe7 $44 (14... Qb6 15. Qd4 Rxe3 (15...
Rfe8 16. Qxb6 axb6 17. Rfe1 Rxe3 18. Rxe3 Rxe3 19. Rd1 Kf8 20. Kf2 Re5 21. Rd7
$11 {0-1 Podlesnik,Bogdan-Pavasovic,Dusko/SLO-ch Kranj (8) ;EXT 2000 1999 (40)}
) 16. Qxb6 axb6 17. Rfe1 Rxe1+ 18. Rxe1 Rc8 19. c4 $11 {Shishkin,
Vadim-Malaniuk,Vladimir P/Swidnica op (3) ;EXT 2000 1999/0-1 (62)})) 13... b5
14. Qf4 Qe7 15. Qg3 Re8 16. Bf4 Re2 17. Qd3 Re4 18. Bg3 c6 19. Rad1 $44) 12...
Bxe3 13. fxe3 Qb6 $5 14. Rae1 $6 $15 ({After} 14. Qd4 $1 {position is equal}
Qxb2 (14... Rxe3 15. Qxb6 axb6 16. Rae1 Rfe8 17. Rxe3 Rxe3 18. Rd1 f5 (18...
Kf8 19. Kf2 Re5 20. Rd7 Rc5 21. Ke3 Ke8 22. Rd2 Re5+ $11) 19. Rd7 Re1+ 20. Kf2
Rc1 21. Rxc7 Rxc2+ 22. Kf3 Rxb2 23. Rxb7 $11) (14... c5 15. Qd2 Rd8 (15... Qxb2
16. Rfb1 Qa3 17. Rxb7 $132) 16. Qc1 Rfe8 17. b3 Re5 $44) 15. Rab1 Qxa2 16. Rxb7
$11) 14... Rxe3 15. Rxe3 Qxe3+ 16. Kh1 Qe2 $5 {[%csl Rc2,Rf1]} 17. Qd3 (17. Qf5
g6 $15) 17... Re8 18. Kg1 (18. a3 Qxd3 19. cxd3 Re2 $15) (18. Qf5 Qe7 $15)
18... h6 19. h3 Qe6 (19... Qxd3 20. cxd3 Re2 21. Rf2 $11) (19... Qe3+ $15) 20.
b3 Qe3+ 21. Rf2 (21. Qxe3 Rxe3 22. c4 Re2 23. Rf2 Rxf2 24. Kxf2 f5 25. Ke3 Kf7
$17) (21. Kh1 Qxd3 22. cxd3 Re2 23. a4 Rc2 24. c4 Rc3 $17) 21... Qe7 {[%cal
Ge8d8]} 22. a4 Rd8 23. Qf3 c6 24. b4 $6 {[%csl Rc2,Rc3] Weakenen PPc2,c3
needlessly.} (24. c4 $15) 24... Rd6 25. Qh5 (25. a5 $15) 25... Re6 26. Rf1 Re3
27. Qa5 a6 28. Qf5 g6 $1 (28... Rxc3 29. Qc8+ Qf8 (29... Kh7 30. Qf5+ Kg8) 30.
Qxb7 Rxc2 $15) 29. Qf4 Rxc3 30. Rf2 (30. Qxh6 Rxc2 $17) 30... h5 31. Rd2 $6 $19
(31. Kh2 Re3 32. a5 $17) (31. Qd2 Re3 32. a5 $17) 31... b5 $1 {[%csl Rb4,Rc2]
Black didn't made a lot to create another weakness (except of P lack) in
White's camp...} (31... Rc4 32. Qxc4 Qe1+ 33. Kh2 Qxd2 $17) 32. axb5 axb5 33.
Kh2 (33. Qb8+ Kg7 34. Rd8 Qe3+ (34... Rxc2 35. Rg8+ Kh6 36. Rh8+ $11) 35. Kh2
Rxc2 36. Rg8+ Kf6 37. Qd8+ (37. Re8 Qd4 38. Re2 $5 {[%csl Rd4][%cal Gb8h8]} Rc4
$1 $19) 37... Qe7 38. Qd4+ Qe5+ $19) 33... Rc4 34. Rd4 Rxc2 35. Re4 Qf8 $1 36.
Qc7 (36. Rd4 Re2 $19) 36... Qa8 $1 {[%cal Gc2d2,Gc6c5]} 37. Rd4 $6 (37. Rf4 Qe8
$19) 37... Rxg2+ $1 38. Kh1 Qa1+ $1 0-1

[Event "Oxford GM-A"]
[Site "Oxford"]
[Date "1998.12.21"]
[Round "7"]
[White "Sutovsky, Emil"]
[Black "Nunn, John DM"]
[Result "1/2-1/2"]
[WhiteElo "2575"]
[BlackElo "2600"]
[Annotator "Tsesarsky,I"]
[PlyCount "92"]
[EventDate "1998.12.14"]
[EventType "tourn"]
[EventRounds "9"]
[EventCountry "ENG"]
[EventCategory "11"]
[SourceTitle "CBM 069"]
[Source "ChessBase"]
[SourceDate "1999.04.01"]
[SourceVersion "1"]
[SourceVersionDate "1999.04.01"]
[SourceQuality "1"]

{[%mdl 20512]} 1. e4 {Kortschnoj} e5 2. Nf3 Nc6 3. Nc3 Nf6 4. Bb5 Nd4 5. O-O {
Kortschnoj: 'An old, but well-forgotten move. Nowadays people prefer to play 5.
Ba4...'} Nxb5 6. Nxb5 c6 7. Nc3 d6 8. d4 Qc7 9. Bg5 {Kortschnoj: 'Having good
development and an advantage in space,white obtains somewhat better chances in
a middlegame.'} (9. Be3 Be7 10. dxe5 dxe5 11. Qd3 O-O $11 {0-1 Techno
Chess-Kallisto/15th WMCCC, Paris FRA 1997 (75)}) (9. a4 Be7 10. h3 O-O (10...
a5 $11 {1-0 Shabanov,Y-Kirusha,A/White Nights Open, St Petersburg RUS 1998 (42)
}) 11. b3 (11. Re1 Re8 12. Be3 Bf8 13. a5 g6 14. Qd2 $11 {1-0 Shabanov,
Y-Igudesman,K/Czech Open, Pardubice CZE 1998 (33)}) 11... Re8 12. Re1 b6 $11 {
1/2-1/2 Timman,J-Benko,P/Venice 1974 (22)}) (9. Qe2 Be7 10. Be3 O-O 11. h3 b5
$11 {1/2-1/2 Cortlever,N-Kramer,G/Beverwijk 1946 (21)}) (9. Ne1 Be7 10. Kh1 b5
11. a3 Bb7 $11 {1/2-1/2 Euwe,M-Bogoljubov,E/NED 1928 (21)}) (9. Qd3 Be7 10. Ne2
O-O 11. c3 Bg4 $11 {1-0 Preiswerk,W-Vordank,K/Berlin CL 1920 (21)}) (9. h3 Be7
10. Be3 (10. Re1 O-O 11. Bg5 b5 $11 (11... Ne8 12. Be3 Be6 13. a4 b6 14. Qd3 f5
15. dxe5 dxe5 $11)) (10. Qd3 O-O 11. Ne2 d5 12. Nxe5 Nxe4 $11 {1-0 Pavlov
Pianov,N-Tselikov,N/Moscow URS ch(1) 1920 (45)}) 10... h6 11. a4 a5 $11 (11...
g5 12. Nh2 Rg8 13. Ng4 $14 {1-0 Landtman,M-Okkes,M/NED tt 1995 (45)})) 9... Be7
10. h3 (10. Qd3 O-O 11. Rfd1 (11. Rad1 Bg4 12. Rd2 Rad8 $11 {1-0 Marchand,
M-Cole,H/Hastings 1919 (52)}) 11... Rd8 12. Bxf6 Bxf6 13. d5 c5 $11 {1-0
Bondarevsky,I-Zagoriansky,E/Moscow-ch ,HCL 1945 (55)}) 10... O-O (10... h6 11.
Bh4 O-O (11... g5 12. dxe5 gxh4 13. exf6 Bxf6 14. Re1 Rg8 (14... Be6 $132) 15.
Kh1 Be6 $1 (15... Rg6 16. e5 $1 $16 {0-1 Sutovsky,E-Piket,J/Elista RUS 1998 
(52)})) (11... Nh5 12. Bxe7 Qxe7 13. Nxe5 dxe5 14. Qxh5 exd4 15. Ne2 O-O 16.
Nxd4 Qxe4 $11 {1/2-1/2 Sutovsky,E-Illescas Cordoba,M/Pamplona ESP 1998 (43)})
12. Bg3 Nd7 13. Qd2 Kh7 14. Rad1 Re8 15. Kh1 Bf8 16. Nh4 Nf6 $132 {0-1
Goldschmidt-Quast/Eger Agria91 open 1991 (31)}) (10... Bd7 11. a4 h6 12. Be3
O-O 13. Qd3 Rad8 14. a5 c5 15. d5 Nh5 16. Qc4 Qc8 17. Qe2 Nf4 18. Bxf4 exf4 19.
e5 Bf5 20. Rfe1 dxe5 21. Nxe5 Bf6 22. Qd2 Rfe8 23. Qxf4 Bxc2 $15 {1-0 Sutovsky,
E-Mikhalevski,V/Tel Aviv ISR 1999 (38)}) 11. Qd2 $11 {Kortschnoj: 'An
alternative was 11.Qd3, that's how they treated this position at beginning of
this century.' Tsesarsky: Sutovsky plays this variation very often, but
without any special achivements in opening stage. Maybe it is not so easy to
receive any advantage in Spanish or Scottish openings too.} Be6 (11... Re8 12.
Rad1 Nd7 13. Rfe1 a6 14. Bxe7 Rxe7 15. Re3 Nf8 16. dxe5 dxe5 17. Rd3 Be6 18.
Rd6 f6 19. b3 Rae8 20. g4 Ng6 $11 {0-1 Tan-Foulon/Moscow olw 1994 (46)}) (11...
b5 $5 12. a3 a6 13. Rfd1 (13. d5 Bb7 (13... c5 14. Rfe1 $14) 14. dxc6 Bxc6 15.
Rfe1 Rac8 $11) 13... Re8 14. Qe3 (14. d5 Bb7 $11) 14... exd4 (14... h6 15. dxe5
dxe5 16. Bxf6 Bxf6 17. Qc5 Be6 18. Nd5 Bxd5 19. exd5 e4 $132) 15. Nxd4 c5 $1
$132 {1/2-1/2 Sutovsky,E-Zhang Zhong/Elista RUS 1998 (38)}) 12. a4 Rfd8 $6 $14
{Kortschnoj: 'If to play h7-h6, black had to do it now.'} (12... a5 $1 $11 13.
d5 cxd5 14. exd5 (14. Bxf6 Bxf6 15. Nxd5 Bxd5 16. Qxd5 Qxc2 17. Rfc1 Qxb2 18.
Rab1 Qa3 19. Rc7 Rac8 20. Rxc8 Rxc8 21. Rxb7 Qc1+ 22. Kh2 Qf4+ 23. Kh1 Rf8 24.
Rc7 $44 {[%csl Gc1]}) 14... Bf5 $11) 13. a5 $5 h6 (13... a6 {Kortschnoj} 14.
Be3 $14) 14. Bxf6 Bxf6 15. d5 Bd7 16. a6 $1 $14 {Kortschnoj: 'Due to a better
pawn structure and the badly placed bishop f6, white gets now a clear edge.'
Tsesarsky: Sutovsky breaks Black's pawn curcuit and creates basic squares for
his NN.} c5 17. axb7 Qxb7 18. Ra5 Rdc8 (18... Qxb2 19. Rb1 $18) 19. Rfa1 a6 20.
Nd1 Bd8 21. R5a2 f5 {Kortschnoj: 'Black is doing his best, but to animate
bishops in a closed type position is a hardly achievable task. '} 22. Qe2 (22.
Nc3 $132) 22... c4 (22... fxe4 23. Qxe4 Bb6 24. Ne3 Rf8 25. Nd2 Bc7 26. Qd3 $14
) 23. Nd2 {[%csl Rc4]} Bb5 (23... fxe4 24. Ne3 (24. Nc3 $14) 24... Bb5 (24...
Bg5 25. Nxe4 Bxe3 26. Nxd6 $1 $16) (24... c3 25. bxc3 Rxc3 26. Nxe4 $16) 25.
Qg4 $14) 24. Nc3 f4 $6 $16 (24... fxe4 $142 25. Ndxe4 Be7 26. Qg4 $14) 25. Nxb5
{'!' Kortschnoj.} axb5 26. Qg4 {Kortschnoj: 'Black now has to struggle against
threats on both sides of the board. '} Be7 (26... Rxa2 27. Rxa2 $16) 27. Nf3 b4
28. Kh2 (28. Qe6+ Kf8 29. Ra7 (29. Nd2 c3 30. bxc3 (30. Rxa8 Rxa8 31. Rxa8+
Qxa8 32. bxc3 Qa1+ 33. Nf1 Qxc3 $11) 30... Rxa2 (30... bxc3 31. Rxa8 (31. Ra7
Rxa7 32. Rxa7 cxd2 33. Rxb7 d1=Q+ 34. Kh2 Re8 35. Qf5+ Kg8 (35... Bf6 36. Qg6
Be7 37. Qf5+ $11) 36. Qe6+ Kf8 $11) 31... Rxa8 32. Rxa8+ Qxa8 33. Nb3 $11) 31.
Rxa2 bxc3 32. Nb3 Ra8 33. Rxa8+ Qxa8 34. Kf1 Qa6+ 35. Ke1 Qc4 36. Qg6 $11)
29... Rxa7 30. Rxa7 Qxa7 31. Qxc8+ Kf7 32. Qxc4 Qa1+ 33. Kh2 Qxb2 34. Nd2 $14)
28... Rxa2 ({If} 28... b3 {Kortschnoj then} 29. Ra7 $1 Rxa7 30. Rxa7 Qxa7 31.
Qxc8+ Kh7 32. Qxc4 {, winning a pawn.}) 29. Rxa2 Ra8 30. Rxa8+ Qxa8 31. Qd7 {
'!' Kortschnoj.} Kf8 32. Nd2 (32. Qc7 $1 $16) 32... Qa6 (32... c3 33. bxc3 bxc3
34. Nc4 $1 $16 {'+/-' Kortschnoj.} (34. Nb1 $2 Qa2 35. Nxc3 Qxc2 36. Nb5 Qxf2
37. Qc8+ Kf7 38. Nxd6+ Bxd6 39. Qe6+ Kf8 40. Qxd6+ Kg8 41. Qg6 (41. Qb4 f3 $19)
(41. Qa3 Kf7 $11) 41... Qd4 (41... f3 42. Qe6+ Kh8 43. Qc8+ Kh7 44. Qf5+ $18)
42. d6 Kh8 (42... Kf8 43. Qf5+ Kg8 44. Qe6+ Kh8 45. d7 Qd3 46. Qg4) 43. h4 f3
$1 $11)) 33. Qc7 $2 $132 {Kortschnoj: 'Somehow black manages to hold his
position by a whisker - if 33.Qc6 then Qa7 and black survives!' Tsesarsky:
Sutovsky plays endgame bad, but maybe because of time pressure?} (33. Qc6 $1
Qxc6 34. dxc6 Bd8 (34... c3 35. c7 $18) 35. Nxc4 Ke7 36. c3 bxc3 37. bxc3 Ke6
38. Na3 Bb6 (38... d5 39. Nb5 $18) 39. f3 d5 40. Nb5 dxe4 41. fxe4 Bf2 42. Kh1
g5 43. Na3 h5 44. Nc4 Be1 45. Nxe5 Kd6 46. c4 Bf2 47. Nf7+ Kxc6 48. Nxg5 Kd6
49. Nf3 h4 (49... Kc5 50. e5 Kxc4 51. e6 Bc5 52. Ne5+ Kd5 53. Nd3 f3 54. gxf3
Bd6 55. Nf4+ Ke5 56. e7 (56. Nxh5 $18) 56... Bxe7 57. Ng6+ Kf6 58. Nxe7 Kxe7
59. Kg2 $18) {[%tqu "En","?","","","g2g4","",10]} 50. g4 $3 hxg3 (50... fxg3
51. Kg2 $18) 51. h4 Ke6 52. h5 Kf6 53. Kg2 Bc5 54. Kh3 Bf8 55. Kg4 Bh6 56. c5
Ke6 57. Nh4 Ke5 58. Kf3 $18) 33... c3 {'!' Kortschnoj.} 34. bxc3 Qe2 35. Nc4 (
35. Qc8+ Kf7 36. Nc4 {like in the game}) 35... Qxf2 36. Qc8+ Kf7 37. Qe6+ Kf8
38. Qc8+ Kf7 39. Nxd6+ Bxd6 40. Qe6+ Kf8 41. Qxd6+ Kg8 42. Qg6 bxc3 43. d6 Qxc2
44. Qe6+ (44. d7 Qd3 45. Qe8+ Kh7 46. d8=Q Qg3+ $11 {Kortschnoj: 'with a
perpetual check.'}) 44... Kh7 45. Qf5+ Kh8 46. Qf8+ Kh7 1/2-1/2

[Event "RUS-ch 72nd"]
[Site "Izhevsk"]
[Date "2019.08.16"]
[Round "6"]
[White "Artemiev, Vladislav"]
[Black "Vitiugov, Nikita"]
[Result "0-1"]
[WhiteElo "2757"]
[BlackElo "2728"]
[Annotator "Vitiugov,N"]
[PlyCount "132"]
[EventDate "2019.08.10"]
[EventType "tourn"]
[EventRounds "11"]
[EventCountry "RUS"]
[EventCategory "18"]
[SourceTitle "CBM 192"]
[Source "ChessBase"]
[SourceDate "2019.10.31"]
[SourceVersion "1"]
[SourceVersionDate "2019.10.31"]
[SourceQuality "1"]

{This game was played in the sixth round. In the previous game, Vladislav
dramatically lost to Dreev, having blundered a rook in a very good position.
Looking back, it seems that this game was one of the crucial ones in the
tournament. But this is just hindsight. Before this very game, Artemiev hadn't
lost with white more that a year.} 1. e4 e5 2. Nf3 Nc6 3. Nc3 Nf6 4. Bb5 Nd4 {
The main answer. In general, the line is considered to be harmless for Black.}
5. Bc4 Bc5 6. O-O ({Vladislav is used to play} 6. d3 d6 7. h3 ({the main
position arises after} 7. Na4 b5 8. Nxd4 bxc4 9. Nf5 Bxf5 10. exf5 cxd3 11.
Nxc5 dxc5 {etc.}) 7... h6 (7... c6 8. Nxd4 Bxd4 9. Qf3 Be6 10. Ne2 Bb6 11. Ng3
Qd7 12. Bg5 Bd8 13. O-O h6 14. Be3 Bb6 15. Rad1 Rd8 16. Bb3 Qe7 17. Bxb6 axb6
18. Qe3 c5 19. f4 $14 {1-0 (42) Artemiev,V (2703)-Bocharov,I (2565)
Cheliabinsk 2018}) 8. Nxd4 Bxd4 9. Qf3 Qe7 10. Ne2 Bb6 11. Ng3 c6 12. O-O g6
13. c3 Be6 14. Bb3 Nd7 15. Be3 h5 16. d4 {1-0 (36) Artemiev,V (2706)-Oparin,G 
(2624) Sochi RUS 2018}) 6... d6 7. Nxd4 Bxd4 8. d3 Be6 {The most natural.} (
8... O-O 9. h3 Be6 10. Bb3 h6 11. Qf3 Bxc3 12. bxc3 c5 13. Bxe6 fxe6 14. c4 Qd7
15. a4 Rf7 16. a5 {and despite white eventually won,I don't think black is in
troubles Kryvoruchko,Y (2678)-Adams,M (2740) Tromsoe 2013}) 9. Ne2 Bb6 10. Ng3
O-O (10... h5 $5 11. Bxe6 fxe6 12. h3 $13) 11. Bb3 a5 $6 {Wrong move order.} ({
Better was} 11... h6 12. c3 ({and if} 12. h3 a5) 12... d5) 12. c3 h6 13. h3 ({
White had an extra option:} 13. d4 $5 Bxb3 14. axb3 exd4 15. cxd4 Re8 16. Re1 {
with some chances for pressure.}) (13. Bc2 d5) (13. Be3 $6 Bxe3 14. fxe3 Bd7 $1
15. Nf5 $2 a4 16. Bc2 g6 $1 {and Black is better.}) 13... d5 14. Qf3 a4 15. Bc2
Re8 16. Rd1 $6 ({I think the logical} 16. Nf5 Bxf5 17. Qxf5 c6 {led to a
balanced position.}) (16. d4 $2 dxe4 17. Nxe4 exd4 18. Nxf6+ Qxf6 19. Qxf6 gxf6
20. Bxh6 a3 $17) 16... d4 {Now White is obviously worse.} 17. c4 $2 {I don't
like this move at all.} ({Better was} 17. Bd2) ({Or even} 17. Rf1 $5) 17... c6
{More flexible than ...c5 - now the knight may come to c5 and there is an
option with ...b5.} 18. Qe2 Nd7 19. Bd2 Ba5 20. b4 axb3 21. axb3 Bxd2 22. Qxd2
Qb6 {Preparing to conquer the line by ...Ra6.} ({Another way was} 22... b5 23.
cxb5 cxb5 24. b4 Qc7) 23. Qe1 $1 {Not so difficult, but good.} c5 24. Rdb1 Qd6
25. Qc1 Kh7 26. Ra3 Reb8 ({During the game I wasn't sure what was better - the
way I played or trying to create some pressure on the kingside with more
pieces on the board. But after for example} 26... g6 $5 27. Rba1 Rab8 28. Bd1
Rg8 29. Nf1 f5 30. exf5 gxf5 31. Ng3 Nf6 32. Bf3 {Black has nothing special.})
27. Rba1 Rxa3 28. Rxa3 g6 29. Ra7 Kg7 30. Kh2 Nf6 {A good manoeuvre - the
knight is going to c6.} 31. Bd1 Ng8 32. Be2 ({White could have swapped bishops,
but I am not sure it gives any relief:} 32. Bg4 Bxg4 33. hxg4 Qe6 34. f3 Ne7
$15) 32... Ne7 33. h4 $6 {Probably not so bad, but not necessary.} Nc6 34. Ra3
Qd8 35. h5 Ra8 {Now Black has two ways to disturb the opponent - the a-file
and some squares on the kingside.} 36. hxg6 fxg6 37. Rxa8 Qxa8 38. Kg1 Qa5 $1
39. f4 $6 {An active move, but now definitely the wrong one.} exf4 40. Qxf4 Qd8
{Just in time - Black controls all the black squares!} 41. Nf1 Qb8 42. Qh4 Qe5
43. Nh2 Qf6 44. Qg3 Qe5 45. Qh4 h5 {Now Black's got two options to improve the
position - the bishop goes to g4 and the king to h6.} ({Another way was also
good, but h5 is just stronger:} 45... g5 46. Qf2 Qf4 47. Qxf4 gxf4 $15) 46. Nf3
Qf6 47. Qg3 Bg4 48. Kf2 Kh6 49. Qc7 h4 50. Qxb7 Bxf3 $6 ({Stronger was} 50...
Ne5 $1 51. Qb8 Bxf3 52. gxf3 h3 {and the winning way being simple but nice:}
53. Kg3 Kg5 54. Qc8 Qf4+ 55. Kxh3 Qh4+ 56. Kg2 Kf4 57. Qh3 Qxh3+ 58. Kxh3 Ke3
$19) 51. gxf3 Qd6 ({Now after} 51... Ne5 {White has} 52. Qc8) 52. e5 $1 Nxe5
53. f4 (53. Qe4 g5 54. f4 Ng6 {The queens' exchange is coming with an easily
winning endgame for Black.}) 53... Nd7 54. Bf3 Nf6 {We were playing mainly on
the increment. Of course, it was very difficult for White to find the toughest
defensive moves.} 55. Qf7 ({After the game Vladislav suggested that} 55. Qc8 {
was the way, but after} g5 56. Qh8+ Kg6 57. fxg5 Qg3+ 58. Ke2 Qxg5 59. Be4+
Nxe4 60. Qe8+ Kg7 61. dxe4 {White is lost.}) 55... h3 56. Kg3 h2 57. Kxh2 $2 {
Loses on the spot.} ({However, the only path to continue the game was} 57. Kh3
$1 Nh5 58. Kg4 $1 {which is almost impossible to find on seconds.}) 57... Qxf4+
58. Kg2 Nh5 $1 59. Qd5 ({Not helping was} 59. Qxf4+ Nxf4+ 60. Kg3 Kg5 ({
Some chances might be there after} 60... Nxd3 61. Be4 Nb4 62. Kf4 {but even
here Black is winning.}) 61. Be4 Ne2+ 62. Kf3 Nc1 63. Bc6 Nxd3 $19) 59... Qd2+
60. Kg1 Qe1+ 61. Kh2 Qf2+ 62. Bg2 Nf4 {The pawn endgame is coming, White is
lost.} 63. Qa8 Qxg2+ 64. Qxg2 Nxg2 65. Kxg2 Kg5 66. Kg3 Kf5 0-1